Management jakosti s podporou norem ISO 9000:2000 : Listopad 2003
Guardado en:
| Formato: | Libro |
|---|---|
| Lenguaje: | checo |
| Publicado: |
Praha :
Verlag Dashöfer,
2003
|
| Materias: | |
| Etiquetas: |
Sin Etiquetas, Sea el primero en etiquetar este registro!
|
MARC
| LEADER | 00000nam a22000003a 4500 | ||
|---|---|---|---|
| 001 | stu83006 | ||
| 005 | 20150408175411.1 | ||
| 008 | 040107s2003----xr------------------cze-d | ||
| 040 | |a STU |b slo | ||
| 041 | 0 | |a cze | |
| 044 | |a xr | ||
| 080 | |a 658.56 | ||
| 245 | |a Management jakosti s podporou norem ISO 9000:2000 : |b Listopad 2003 | ||
| 260 | |a Praha : |b Verlag Dashöfer, |c 2003 | ||
| 650 | 7 | |a manažment kvality |2 stusub | |
| 996 | |b 284M058341 |c M*CD-428 |l MMKN |s A |a 24 |w stu83006_0001 | ||